000 00262nam a2200097Ia 4500
001 955210
005 20250826215800.0
008 250824s9999 xx 000 0 und d
245 0 _aOSMANLIDA İKTİDAR KAVGALAR
_cAHMET HALDUN TERZİOĞLU
260 _bPANAMA YAYINLARI
999 _c955210
_d955210